01498naa#a2200193#i#4500001001600000005001700016011001400033100004100047102000700088200025900095210053800354215001000892608004500902675020000947700005201147700004801199700003601247856002101283RU\\bibl\12234720260429170750.3##a2307-7476##a20260410b2026####ek#y0rusy0150####ca##aRU1#aПРИМЕНЕНИЕ НОВЫХ ИНФОРМАЦИОННЫХ ТЕХНОЛОГИЙ ДЛЯ ОБЕСПЕЧЕНИЯ ПОЖАРНОЙ БЕЗОПАСНОСТИ В ТОРГОВО-РАЗВЛЕКАТЕЛЬНЫХ ЦЕНТРАХeЖурнальная статья1#aСанкт-ПетербургcСанкт-Петербургский университет Государственной противопожарной службы Министерства Российской Федерации по делам гражданской обороны, чрезвычайным ситуациям и ликвидации последствий стихийных бедствий имени Героя Российской Федерации генерала армии Е.Н. Зиничеваd2026##a4 с.##aЖурнальная статья2local##aКомпьютерное моделирование. 004.94aПожары комплекса сооружений. Пожары, охватывающие большие площади. 614.841.44#1aСоровgАрсений Алексеевич#1aХудееваgЮлия Сергеевна#1aБурмистроваgН. А.4#ajournals.igps.ru